<?xml version="1.0" encoding="UTF-8"?><marc:collection xmlns:marc="http://www.loc.gov/MARC21/slim">
  <marc:record>
    <marc:leader>00000nam##2200000za#4500</marc:leader>
    <marc:controlfield tag="001">9.638806</marc:controlfield>
    <marc:controlfield tag="003">CaOODSP</marc:controlfield>
    <marc:controlfield tag="005">20220818080251</marc:controlfield>
    <marc:controlfield tag="007">cr |||||||||||</marc:controlfield>
    <marc:controlfield tag="008">150407|2011||||xxc|||||o    f|0| 0 fre|d</marc:controlfield>
    <marc:datafield tag="020" ind1=" " ind2=" ">
      <marc:subfield code="a">978-1-100-97441-5</marc:subfield>
    </marc:datafield>
    <marc:datafield tag="040" ind1=" " ind2=" ">
      <marc:subfield code="a">CaOODSP</marc:subfield>
      <marc:subfield code="b">fre</marc:subfield>
    </marc:datafield>
    <marc:datafield tag="043" ind1=" " ind2=" ">
      <marc:subfield code="a">n-cn---</marc:subfield>
    </marc:datafield>
    <marc:datafield tag="086" ind1="1" ind2=" ">
      <marc:subfield code="a">IP54-39/2011F-PDF</marc:subfield>
    </marc:datafield>
    <marc:datafield tag="110" ind1="2" ind2=" ">
      <marc:subfield code="a">Commissariat à la protection de la vie privée du Canada.</marc:subfield>
    </marc:datafield>
    <marc:datafield tag="245" ind1="1" ind2="0">
      <marc:subfield code="a">Bureau en gros - rapport de vérification de la commissaire à la protection de la vie privée du Canada </marc:subfield>
      <marc:subfield code="h">[ressource électronique]</marc:subfield>
    </marc:datafield>
    <marc:datafield tag="246" ind1="1" ind2="7">
      <marc:subfield code="a">Bureau en gros - rapport de vérification de la commissaire à la protection de la vie privée du Canada, 2011</marc:subfield>
    </marc:datafield>
    <marc:datafield tag="260" ind1=" " ind2=" ">
      <marc:subfield code="a">Ottawa - Ontario : </marc:subfield>
      <marc:subfield code="b">Commissariat à la protection de la vie privée du Canada </marc:subfield>
      <marc:subfield code="c">c2011.</marc:subfield>
    </marc:datafield>
    <marc:datafield tag="300" ind1=" " ind2=" ">
      <marc:subfield code="a">40p.</marc:subfield>
      <marc:subfield code="b">tableaux</marc:subfield>
    </marc:datafield>
    <marc:datafield tag="500" ind1=" " ind2=" ">
      <marc:subfield code="a">«La vérification était axée sur la gestion par Bureau en gros des renseignements personnels de ses clients. L’objectif était d’évaluer si l’organisation avait pris des mesures adéquates pour protéger les renseignements personnels — notamment ceux enregistrés sur des dispositifs de stockage de données ayant été retournés — et si les politiques, processus et pratiques en matière de gestion des renseignements personnels étaient conformes aux dix principes relatifs à la protection de la vie privée prévus à l’annexe 1 de la LPRPDE.»--Page 9 de 40, Objet de la vérification.</marc:subfield>
    </marc:datafield>
    <marc:datafield tag="520" ind1="3" ind2=" ">
      <marc:subfield code="a">La vérification était axée sur la gestion par Bureau en gros des renseignements personnels de ses clients. L’objectif était d’évaluer si l’organisation avait pris des mesures adéquates pour protéger les renseignements personnels - notamment ceux enregistrés sur des dispositifs de stockage de données ayant été retournés - et si les politiques, processus et pratiques en matière de gestion des renseignements personnels étaient conformes aux dix principes relatifs à la protection de la vie privée prévus à l’annexe 1 de la LPRPDE.</marc:subfield>
    </marc:datafield>
    <marc:datafield tag="590" ind1=" " ind2=" ">
      <marc:subfield code="a">11-32</marc:subfield>
      <marc:subfield code="b">2011-08-12</marc:subfield>
    </marc:datafield>
    <marc:datafield tag="775" ind1="0" ind2="8">
      <marc:subfield code="t">Staples Business Depot - audit report of the Privacy Commissioner of Canada : </marc:subfield>
      <marc:subfield code="w">(CaOODSP)9.694632</marc:subfield>
    </marc:datafield>
    <marc:datafield tag="776" ind1="0" ind2="#">
      <marc:subfield code="t">Staples Business Depot - audit report of the Privacy Commissioner of Canada : </marc:subfield>
      <marc:subfield code="w">(CaOODSP)9.673019</marc:subfield>
    </marc:datafield>
    <marc:datafield tag="776" ind1="0" ind2="#">
      <marc:subfield code="t">Bureau en gros - rapport de vérification de la commissaire à la protection de la vie privée du Canada : </marc:subfield>
      <marc:subfield code="w">(CaOODSP)9.673020</marc:subfield>
    </marc:datafield>
    <marc:datafield tag="856" ind1="4" ind2="0">
      <marc:subfield code="a">http://publications.gc.ca</marc:subfield>
      <marc:subfield code="q">PDF</marc:subfield>
      <marc:subfield code="s">1591 Ko</marc:subfield>
      <marc:subfield code="u">https://publications.gc.ca/collections/collection_2011/priv/IP54-39-2011-fra.pdf</marc:subfield>
    </marc:datafield>
  </marc:record>
</marc:collection>
